Name That ECW Tag Team - Statistics

General Stats
  • This quiz has been taken 106 times
    37 since last reset
  • The average score is 8 of 11
Answer Stats
Wrestlers Team Name % Correct
Buh Buh Ray & D-Von The Dudley Boyz
97%
Johnny Grunge & Rocco Rock Public Enemy
91%
Little Guido & Tony Mamaluke The Full Blooded Italians
91%
Pitbull #1 & Pitbull #2 The Pitbulls
91%
New Jack & Mustafa Saed The Gangstas
88%
Perry Saturn & John Kronus The Eliminators
76%
Headhunter A & Headhunter B The Headhunters
76%
Lance Storm & Justin Credible The Impact Players
62%
J.C. Ice & Wolfie D. PG-13
53%
Mikey Whipwreck & Yoshihiro Tajiri The Unholy Alliance
50%
Doug Furnas & Phil LaFon The Can-Am Express
18%
No matching quizzes found
Score Distribution
Percent of People with Each Score
Percentile by Number Answered
Your Score History
You have not taken this quiz since the last reset